000 00857nas a2200277 4500
001 BR0500674
003 BR-BrBNA
005 20231205105203.0
007 ta
008 230509b bl.|||p| |||| 00| 00por d
040 _aBR-BrBNA
_bpor
_cBiblioteca Nacional de Agricultura
041 _a(Pt)
072 _aQ03
100 1 _aGollücke, A.P.B.
100 1 _aTaniwaki, M.H.
100 1 _aTavares, D.Q.
245 1 _aOcratoxina A: propriedades químicas, microrganismos produtores e efeitos tóxicos
650 _aALIMENTO
650 _aOCRATOXINA
650 _aMICOTOXINA
650 _aFUNGO
650 _aSÃO PAULO
773 0 _tBoletim da Sociedade Brasileira de Ciência e Tecnologia de Alimentos (Brazil)
_xISSN 0101-3637
_g(Dec 2003), v. 37(supl) p. 115-120
_wBR0500674
909 _a202311
_bLúcia
_c55
_dLúcia Elande
942 _2AGRIS
_n0
_cANA
999 _c181664
_d181664